Najlepiej rozwinięte kraje świata - Statystyki

Ogólne statystyki
  • Ten quiz został rozwiązany 69 razy
  • Średni wynik to 33 z 43
Statystyki odpowiedzi
Odpowiedzi % Poprawnych
Stany Zjednoczone Ameryki Północnej
98%
Wielka Brytania
98%
Kanada
96%
Norwegia
96%
Polska
96%
Szwecja
94%
Włochy
94%
Japonia
92%
Niemcy
92%
Czechy
90%
Finlandia
90%
Francja
90%
Hiszpania
90%
Austria
88%
Grecja
88%
Luksemburg
87%
Dania
85%
Korea Południowa
85%
Australia
83%
Belgia
83%
Holandia
83%
Portugalia
83%
Szwajcaria
83%
Nowa Zelandia
81%
Słowenia
79%
Liechtenstein
77%
Chorwacja
75%
Litwa
75%
Łotwa
75%
Estonia
73%
Irlandia
69%
Islandia
69%
San Marino
69%
Malta
63%
Andora
60%
Singapur
58%
Katar
56%
Cypr
52%
Bahrajn
42%
Izrael
42%
Chile
40%
Zjednoczone Emiraty Arabskie
27%
Hong Kong
19%
Nie znaleziono quizów pasujących do podanych kryteriów
Rozkład punktacji
Procent ludzi z każdym wynikiem
Percentyl według liczby udzielonych odpowiedzi
Twoja historia wyników
Nie rozwiązałeś tego quizu